00907cam a22002651 4500001000500000005001700005008004100022040003400063050001700097082000800114100004300122245004800165260004400213300003700257490002400294500003500318505000600353520007800359521001800437521001800455650006300473650003100536650003200567655004200599137920230822162851.0751204s1949 ilua j 000 1 eng  aDLCcWadDLCdOCoLCdDLCbeng00aPZ7.W244bSu aFic1 aWarner, Gertrude Chandler,d1890-1979.10aSurprise Island;cillustrated by Mary Gehr. aNiles :bAlbert Whitman & Companyc1977 a178 pagesbillustrationsc22 cm. aThe boxcar children aSequel to The boxcar children. aK aSummer vacation on an almost private island gives the Aldens a challenge. a610 bLexile aK bRaz-Plus 0aBoxcar children (Fictitious characters)vJuvenile fiction. 0aOrphansvJuvenile fiction. 0aFamiliesvJuvenile fiction. 7aDetective and mystery stories.2gsafd